Gianni Schicchi (Запис номер 518726)
[ съкратено ]
| 000 -Лидер | |
|---|---|
| Лидер | 01889njm a2200301 a 4500 |
| 003 - Код на организацията, давaща контролен номер | |
| Код на организацията, даваща контролен номер | BLK |
| 005 - Дата и час на последна редакция | |
| Дата и час на последна редакция | 20250301005543.0 |
| 007 - Фиксирано поле за физическо описани | |
| Физическо описание | sd ammalaaahaa |
| 008 - Елементи от данни с фиксирана дължина | |
| Елементи с фиксирана дължина | 180413b bul||n|| |||||||| n|bulo| |
| 028 ## - PUBLISHER NUMBER | |
| Издателски номер | 826296 |
| 040 ## - Източник на каталожния запис | |
| Код на библиотеката | BLK |
| 041 ## - Код за език | |
| Език на записа | Немски |
| Език за КДБФ | Немски |
| 080 ## - УДК | |
| УДК текст | Симфонии. За симфоничен оркестър |
| УДК код | 785.11.082.1 |
| УДК – определител | (086.7) |
| УДК – код + определител | 785.11.082.1(086.7) |
| 100 1# - Редна дума - Автор | |
| R(LIN) | 21794 |
| Автор | Puccini, Giacomo |
| 245 ## - Сведения за заглавието | |
| Заглавие | Gianni Schicchi |
| Подзаглавни данни | (Gesamtaufnahme) |
| Авторска отговорност | Giacomo Puccini; dirigent Herbert Kegel |
| 257 ## - Страна на издаване | |
| Страна на създаване/издаване | Германия |
| 260 ## - Област на издателските данни | |
| 9 (RLIN) | 215027 |
| Място на издаване | Berlin |
| Име на издателя | Deutsche Schallplatten |
| Година на издаване | 1972 |
| 300 ## - Физическа характеристика | |
| Брой страници | 1 грамофонна плоча, двустранна |
| Илюстрации | 33 об./мин., стерео |
| Размер | 30 см |
| 380 ## - Жанр | |
| Жанр | Изкуство |
| 490 ## - СЕРИИ (Колекции) | |
| Серия | Eterna |
| 9 (RLIN) | 493861 |
| 500 ## - Общи забележки | |
| Обща забележка | Giacomo Puccini - Gianni Schicchi<br/>(01) Teil 1<br/><br/>(02) Teil 2<br/><br/>Rundfunk-Sinfonie-Orchester<br/>Leipzig<br/>Dirigent: Herbert Kegel<br/><br/>Konrad Rupf, Bariton<br/>(Gianni Scicchi)<br/>Anna Tomowa-Sintow, Sopran<br/>(Lauretta, seine Tochter)<br/>Renate Härtel, Alt<br/>(Zita, genannt "Die Alte", Base des Buoso)<br/>Valentin Teodorian, Tenor<br/>(Rinuccio, Neffe der Zita)<br/>Hubert Lehmann, Tenor<br/>Gherado, Neffe des Buoso)<br/>Helga Leuchtmann, Sopran<br/>(Nella, seine Frau)<br/>Hellmuth Kaphahn, Bass<br/>(Betto von Signa, Schwager des Buoso)<br/>Hermann Christian Polster, Bass<br/>(Simon, Vetter des Buoso)<br/>Wolfgang Hellmich, Bariton<br/>Marco, sein Sohn)<br/>Annelies Burmeister, Alt<br/>(Ciesca, Marcos Frau)<br/>Gernot Richter, Knabenstimme<br/>(Gheradino, Sohn Gherados)<br/>Klaus Buron, Bass<br/>(Magister Spinelloccio, Arzt)<br/>Hans-Peter Schwarzbach, Tenor<br/>(Signor Amantio di Nicolao, Notar)<br/>Paul Glahn, Bass<br/>(Pinellino, ein Schuster)<br/>Emil Lang, Bass<br/>(Guccio, ein Farber) |
| 700 1# - Други автори (авторска отговорност) | |
| 9 (RLIN) | 14856 |
| Друг автор | Kegel, Herbert |
| 710 ## - Име на организация или юридическо лице като допълнителен термин за търсене | |
| 9 (RLIN) | 495074 |
| Друг колективен автор | Rundfunk Sinfonie Orchester Leipzig |
| 852 ## - Местоположение | |
| Сигнатура (форматна) | Ф ІІ 2383 |
| Отдел | Хранилище |
| 856 ## - Електронен адрес и достъп | |
| Инструкция (цена за достъп) | 0.00 |
| Права за достъп | disable |
| 942 ## - АРТИКУЛИ | |
| Вид на библиотечния документ | Грамофонни плочи |
| Скрит в OPAC | Не |
| 944 ## - СЪЗДАВАНЕ И РЕДАКЦИЯ на ЗАПИСА | |
| Дата на регистрацията/редакция | Моника Янева |
| Служител, извършил регистрацията/редакцията | |
| Статус, дата на статуса | CRON CRON |
| Създаване/Редакция | |
| 999 ## - СИСТЕМНИ КОНТРОЛНИ НОМЕРА | |
| Koha biblionumber | 518726 |
| Koha biblioitemnumber | 518726 |
| Код за отписване | Код за изгубен артикул | Източник на класификационната схема | Код за повреда | Коз за рестрикции | Код за отдаване | Артикулен № | Име на библиотеката - собственик | Име на библиотеката, в която се намира в момента | Статус (Текущо местоположение) | Дата на вписване в системата | Местоположение - отдел | Цена в лева | Инвентарен номер | Систематично азбучна сигнатура | Баркод | Цена в евро | Служебен тип на артикула |
|---|---|---|---|---|---|---|---|---|---|---|---|---|---|---|---|---|---|
| Не е изгубен | Universal Decimal Classification | Не е повреден | само за читалня | ползва се в читалня | 951111 | Регионална библиотека "Любен Каравелов" Русе | Регионална библиотека "Любен Каравелов" Русе | Хранилище | 2024-10-08 | Основен фонд - ползва се само за читалня | 4.50 | 6258 | Ф ІІ 2383 | 900000108175 | 2.30 | Грамофонни плочи |